[Event "Bruges Masters"]
[Site "Bruges"]
[Date "2019.08.14"]
[Round "7"]
[White "Pel, Bonno"]
[Black "Legky, Nikolay A"]
[Result "0-1"]
[WhiteElo "2255"]
[BlackElo "2397"]
[PlyCount "84"]
[EventDate "2019.08.11"]
[EventType "swiss"]
[EventRounds "9"]
[EventCountry "BEL"]
[SourceTitle "CBM 191 Extra"]
[Source "ChessBase"]
[SourceDate "2019.09.30"]
[SourceVersion "1"]
[SourceVersionDate "2019.09.30"]
[SourceQuality "1"]

1. g3 g6 2. Bg2 Bg7 3. d3 Nf6 4. e4 d6 5. f4 c5 6. Nf3 Nc6 7. 0-0 0-0 8. Nc3 Bg4 9. h3 Bxf3 10. Qxf3 Rb8 11. Nd1 Nd7 12. c3 Rc8 13. Ne3 b5 14. Bd2 b4 15. h4 Nb6 16. Qd1 a5 17. a4 e6 18. f5 exf5 19. exf5 Ne5 20. Nd5 Nxd5 21. Bxd5 Kh8 22. Qe2 Re8 23. Rae1 Qd7 24. Be3 bxc3 25. bxc3 gxf5 26. Qc2 Ng4 27. Bf4 Rxe1 28. Rxe1 Re8 29. Rb1 Qe7 30. Qd2 Qf6 31. Rb3 Bh6 32. Bf3 Ne5 33. Bg2 Bxf4 34. Qxf4 Nxd3 35. Qd2 c4 36. Rb5 f4 37. Rg5 fxg3 38. Rxg3 Re1+ 39. Kh2 Qxh4+ 40. Bh3 Rh1+ 41. Kxh1 Qxg3 42. Bg2 Kg7 0-1

[Event "Groningen op 56th"]
[Site "Groningen"]
[Date "2018.12.29"]
[Round "8"]
[White "Pel, Bonno"]
[Black "Baselmans, Luuk"]
[Result "1-0"]
[WhiteElo "2279"]
[BlackElo "2191"]
[PlyCount "115"]
[EventDate "2018.12.22"]
[EventType "swiss"]
[EventRounds "9"]
[EventCountry "NED"]
[SourceTitle "CBM 188 Extra"]
[Source "ChessBase"]
[SourceDate "2019.02.26"]
[SourceVersion "1"]
[SourceVersionDate "2019.02.26"]
[SourceQuality "1"]

1. g3 d5 2. Bg2 g6 3. d3 Bg7 4. Nf3 e5 5. 0-0 Ne7 6. e4 c6 7. Nc3 0-0 8. h3 h6 9. Qe1 Nd7 10. b3 Kh7 11. Ba3 d4 12. Ne2 c5 13. Nd2 Qc7 14. f4 f5 15. Nf3 Rb8 16. Nh4 exf4 17. gxf4 fxe4 18. dxe4 d3 19. cxd3 Bxa1 20. Qxa1 b5 21. Bc1 b4 22. Qb2 Ba6 23. Qd2 Qd6 24. Rf3 Rbd8 25. Rg3 Rg8 26. Nf3 Nb6 27. Ne5 Rgf8 28. h4 c4 29. f5 Qxe5 30. Qxh6+ Kg8 31. bxc4 Qg7 32. Qg5 Qf6 33. h5 Nd7 34. hxg6 Qxg5 35. Bxg5 Rde8 36. Nf4 Nxf5 37. exf5 Rxf5 38. Bd5+ Kg7 39. Ne6+ Kxg6 40. Bh4+ Kh6 41. Be4 Ra5 42. Ng7 Rxe4 43. dxe4 Bxc4 44. Nf5+ Rxf5 45. exf5 Bxa2 46. Bg5+ Kh5 47. Kf2 Bb1 48. Be7 a5 49. Ke3 Kh6 50. Kf4 Bc2 51. Rg6+ Kh7 52. Ra6 b3 53. Ba3 Nc5 54. Ra7+ Kg8 55. f6 Nd3+ 56. Kf5 Nc5+ 57. Ke5 Bg6 58. Rg7+ 1-0

[Event "Groningen Combinatie op"]
[Site "Groningen"]
[Date "2018.05.13"]
[Round "7"]
[White "Pel, Bonno"]
[Black "Klapwijk, Bram"]
[Result "1-0"]
[WhiteElo "2248"]
[BlackElo "2203"]
[PlyCount "165"]
[EventDate "2018.05.10"]
[EventType "swiss"]
[EventRounds "7"]
[EventCountry "NED"]
[SourceTitle "CBM 184 Extra"]
[Source "ChessBase"]
[SourceDate "2018.06.28"]
[SourceVersion "1"]
[SourceVersionDate "2018.06.28"]
[SourceQuality "1"]

1. g3 e5 2. Bg2 Nc6 3. d3 f5 4. Nf3 Nf6 5. 0-0 Be7 6. c4 0-0 7. Nc3 Kh8 8. a3 d6 9. b4 Qe8 10. Nd5 Nxd5 11. cxd5 Nd8 12. Bb2 Bd7 13. Rc1 Ba4 14. Qd2 c6 15. dxc6 bxc6 16. Ne1 Ne6 17. f4 exf4 18. gxf4 Bf6 19. Bxf6 Rxf6 20. Nf3 Qh5 21. Rf2 Re8 22. e3 Rg6 23. Kh1 Rh6 24. h3 Qf7 25. Kh2 Qb7 26. Ng1 Bb5 27. Ne2 d5 28. Ng3 Rf6 29. e4 dxe4 30. dxe4 Rd8 31. Qe3 fxe4 32. Nxe4 Rd3 33. Qe1 Rxf4 34. a4 Qb8 35. Kg1 Bxa4 36. Nc3 Rxf2 37. Qxf2 Qxb4 38. Nxa4 Qxa4 39. Rxc6 Qa1+ 40. Bf1 Rd8 41. Rxe6 h6 42. Ra6 Qe5 43. Rxa7 Qg5+ 44. Bg2 Rd1+ 45. Kh2 Qe5+ 46. Qg3 Qd4 47. Ra8+ Kh7 48. h4 Qg1+ 49. Kh3 Qd4 50. Ra3 Qd7+ 51. Kh2 Rd4 52. Re3 Rg4 53. Qe1 Qd8 54. Re4 Qd6+ 55. Kh3 Rg6 56. Qe3 Qd7+ 57. Kh2 Qd6+ 58. Qf4 Qxf4+ 59. Rxf4 Rf6 60. Be4+ Kg8 61. Rg4 g5 62. hxg5 hxg5 63. Rxg5+ Kf7 64. Kg3 Rf1 65. Ra5 Ke7 66. Bf3 Kf7 67. Ra6 Ke7 68. Kf4 Rf2 69. Ke3 Rf1 70. Be4 Kf7 71. Kd4 Rf2 72. Ke5 Kg7 73. Rg6+ Kf7 74. Rh6 Ke7 75. Bd3 Rf3 76. Bf5 Ra3 77. Rh7+ Kd8 78. Be6 Ra5+ 79. Kf6 Ra1 80. Rd7+ Ke8 81. Rd2 Rf1+ 82. Bf5 Rf3 83. Rc2 1-0

[Event "Paleochora op 10th"]
[Site "Paleochora"]
[Date "2017.07.26"]
[Round "9"]
[White "Pel, Bonno"]
[Black "Rakotomaharo, Fy Antenaina"]
[Result "0-1"]
[WhiteElo "2260"]
[BlackElo "2424"]
[PlyCount "86"]
[EventDate "2017.07.19"]
[EventType "swiss"]
[EventRounds "9"]
[EventCountry "GRE"]
[SourceTitle "EXT 2018"]
[Source "ChessBase"]
[SourceDate "2017.10.13"]
[SourceVersion "1"]
[SourceVersionDate "2017.10.13"]
[SourceQuality "1"]

1. g3 d5 2. Bg2 g6 3. d3 Bg7 4. Nf3 e5 5. 0-0 Ne7 6. e4 0-0 7. Nc3 c6 8. Qe1 Re8 9. b3 a5 10. Bd2 h6 11. Kh1 Nd7 12. Ng1 Nc5 13. Qc1 Kh7 14. f4 exf4 15. Rxf4 Kg8 16. Nge2 dxe4 17. dxe4 b5 18. a3 g5 19. Rf1 Bg4 20. Be3 Ne6 21. Qe1 Qc7 22. Qf2 Ng6 23. Rae1 Ne5 24. Nd4 Nxd4 25. Bxd4 Qd7 26. Bb6 Re6 27. Qe3 Rd6 28. a4 Rd2 29. axb5 cxb5 30. Rf2 Rxf2 31. Qxf2 Nd3 32. cxd3 Bxc3 33. Rf1 Ra6 34. Qe3 a4 35. bxa4 bxa4 36. d4 Bb2 37. Bc5 a3 38. Qb3 Be2 39. Qb8+ Kh7 40. Rb1 a2 41. Qxb2 axb1Q+ 42. Qxb1 Qb5 43. Qxb5 Ra1+ 0-1

[Event "Paleochora op 10th"]
[Site "Paleochora"]
[Date "2017.07.23"]
[Round "6"]
[White "Dobrov, Vladimir"]
[Black "Pel, Bonno"]
[Result "1-0"]
[WhiteElo "2496"]
[BlackElo "2260"]
[PlyCount "77"]
[EventDate "2017.07.19"]
[EventType "swiss"]
[EventRounds "9"]
[EventCountry "GRE"]
[SourceTitle "EXT 2018"]
[Source "ChessBase"]
[SourceDate "2017.10.13"]
[SourceVersion "1"]
[SourceVersionDate "2017.10.13"]
[SourceQuality "1"]

1. d4 d6 2. Nf3 g6 3. g3 Bg7 4. Bg2 Nf6 5. 0-0 0-0 6. a4 Nc6 7. a5 Rb8 8. d5 Nb4 9. c3 Na6 10. Be3 Ra8 11. Na3 e6 12. dxe6 fxe6 13. h3 Qe7 14. Qb3 Kh8 15. Nb5 Bd7 16. c4 c6 17. Nc3 Be8 18. Rfd1 Bf7 19. Ng5 Bg8 20. Qa3 c5 21. Nge4 Ne8 22. Nb5 d5 23. Nxc5 d4 24. Nxa6 Qxa3 25. Rxa3 dxe3 26. Bxb7 exf2+ 27. Kf1 Nf6 28. Bxa8 Rxa8 29. Kxf2 Ne4+ 30. Kg2 Bxb2 31. Re3 Ng5 32. h4 Nf7 33. c5 Nd8 34. Rb1 Bf6 35. Nbc7 Rc8 36. Rb8 Rxb8 37. Nxb8 Nb7 38. c6 Nxa5 39. Ne8 1-0

[Event "Paleochora op 10th"]
[Site "Paleochora"]
[Date "2017.07.22"]
[Round "5"]
[White "Pel, Bonno"]
[Black "Rychagov, Andrey"]
[Result "1/2-1/2"]
[WhiteElo "2260"]
[BlackElo "2536"]
[PlyCount "159"]
[EventDate "2017.07.19"]
[EventType "swiss"]
[EventRounds "9"]
[EventCountry "GRE"]
[SourceTitle "EXT 2018"]
[Source "ChessBase"]
[SourceDate "2017.10.13"]
[SourceVersion "1"]
[SourceVersionDate "2017.10.13"]
[SourceQuality "1"]

1. g3 d5 2. Bg2 c6 3. d3 Nf6 4. f4 Qb6 5. e3 Bg4 6. Nf3 Nbd7 7. 0-0 e5 8. h3 Bxf3 9. Qxf3 Bd6 10. Nc3 0-0 11. Kh1 Qc7 12. e4 d4 13. Ne2 c5 14. c3 Rac8 15. Bd2 Rfe8 16. c4 a6 17. b3 b5 18. Rac1 Qd8 19. h4 Bc7 20. Rc2 bxc4 21. bxc4 Ba5 22. Bc1 Rb8 23. Bh3 Qb6 24. Ng1 Rf8 25. g4 exf4 26. Bxf4 Rbd8 27. e5 Ne8 28. Qg2 Qe6 29. Re2 Nc7 30. h5 Qe7 31. g5 Ne6 32. Bc1 Bc7 33. Nf3 Rb8 34. Qg4 Rb6 35. Qe4 Re8 36. Bd2 Rb2 37. Bf5 Nef8 38. Qd5 Rd8 39. g6 Nxe5 40. gxh7+ Kh8 41. Rxe5 Rxd5 42. Rxe7 Rxf5 43. Rxc7 Ne6 44. Rc8+ Kxh7 45. Ng5+ Rxg5 46. Bxg5 Nxg5 47. Rxc5 Kh6 48. Rd5 Rxa2 49. Rxd4 Rc2 50. Rh4 a5 51. Rh2 Rc3 52. Rd2 Kxh5 53. Kg2 Kg4 54. Kf2 Kf4 55. Ke2+ Ke5 56. Ra2 Kd4 57. Rf4+ Ke5 58. Rh4 f5 59. Rxa5+ Kf6 60. Ra6+ Ne6 61. Kd2 Rb3 62. Rh8 Kf7 63. Rc8 Rb2+ 64. Kc3 Re2 65. c5 f4 66. d4 f3 67. d5 f2 68. dxe6+ Rxe6 69. Rc7+ Kf6 70. Ra1 Re1 71. Ra6+ Ke5 72. Rf7 f1Q 73. Rxf1 Rxf1 74. Kc4 g5 75. Rg6 Rc1+ 76. Kb5 Kf4 77. Kb6 g4 78. c6 g3 79. c7 Rxc7 80. Kxc7 1/2-1/2

[Event "Groningen Combinatie op"]
[Site "Groningen"]
[Date "2017.05.28"]
[Round "7"]
[White "Maris, Ivo"]
[Black "Pel, Bonno"]
[Result "1-0"]
[WhiteElo "2327"]
[BlackElo "2255"]
[PlyCount "91"]
[EventDate "2017.05.25"]
[EventType "swiss"]
[EventRounds "7"]
[EventCountry "NED"]
[SourceTitle "CBM 178 Extra"]
[Source "ChessBase"]
[SourceDate "2017.06.22"]
[SourceVersion "1"]
[SourceVersionDate "2017.06.22"]
[SourceQuality "1"]

1. b4 Nf6 2. Bb2 g6 3. g3 Bg7 4. Bg2 0-0 5. e3 d6 6. Ne2 c6 7. d3 a5 8. a3 Qb6 9. c3 e5 10. Nd2 Be6 11. 0-0 Nbd7 12. Qc2 Rfe8 13. Nc1 d5 14. Ncb3 a4 15. Nc1 Qa6 16. Re1 Rac8 17. c4 b5 18. c5 Ng4 19. f3 Nh6 20. f4 f6 21. Ne2 Re7 22. e4 d4 23. Nf3 Rce8 24. Nexd4 exd4 25. Nxd4 Bf7 26. h3 Nf5 27. exf5 Rxe1+ 28. Rxe1 Rxe1+ 29. Kf2 Re8 30. Bxc6 Nf8 31. Bxb5 Qb7 32. Bxe8 Bxe8 33. c6 Qc7 34. Qc5 g5 35. Bc1 Bh6 36. b5 gxf4 37. b6 Qg7 38. g4 Bg5 39. c7 Bd7 40. b7 Qh6 41. c8Q Qh4+ 42. Ke2 Bxc8 43. bxc8Q Bh6 44. Qd5+ Kg7 45. Qxf8+ Kxf8 46. Ne6+ 1-0

[Event "Groningen Combinatie op"]
[Site "Groningen"]
[Date "2017.05.25"]
[Round "1"]
[White "Pel, Bonno"]
[Black "Enserink, Henk"]
[Result "1-0"]
[WhiteElo "2255"]
[BlackElo "1777"]
[PlyCount "31"]
[EventDate "2017.05.25"]
[EventType "swiss"]
[EventRounds "7"]
[EventCountry "NED"]
[SourceTitle "CBM 178 Extra"]
[Source "ChessBase"]
[SourceDate "2017.06.22"]
[SourceVersion "1"]
[SourceVersionDate "2017.06.22"]
[SourceQuality "1"]

1. Nc3 Nc6 2. d4 e6 3. e4 b6 4. Nf3 Bb7 5. Bd3 g6 6. Bg5 Be7 7. h4 Bxg5 8. hxg5 Nce7 9. Qd2 d6 10. 0-0-0 Qd7 11. Qf4 f5 12. gxf6 Nc6 13. d5 Nb4 14. Bb5 c6 15. dxc6 Nxc6 16. Rxd6 1-0

[Event "NED-chT 1617"]
[Site "Netherlands"]
[Date "2017.05.06"]
[Round "9.7"]
[White "Admiraal, Miguoel"]
[Black "Pel, Bonno"]
[Result "1-0"]
[WhiteElo "2444"]
[BlackElo "2287"]
[PlyCount "53"]
[EventDate "2016.09.17"]
[EventType "team-tourn"]
[EventRounds "9"]
[EventCountry "NED"]
[SourceTitle "EXT 2018"]
[Source "ChessBase"]
[SourceDate "2017.10.13"]
[SourceVersion "1"]
[SourceVersionDate "2017.10.13"]
[SourceQuality "1"]
[WhiteTeam "Kennemer Combinatie"]
[BlackTeam "Groningen Combinatie"]
[WhiteTeamCountry "NED"]
[BlackTeamCountry "NED"]

1. e4 d6 2. d4 g6 3. f4 Bg7 4. Nc3 a6 5. Nf3 b5 6. Bd3 Nd7 7. Be3 Bb7 8. e5 c5 9. Be4 Bxe4 10. Nxe4 Nh6 11. dxc5 Ng4 12. Qe2 Nxe3 13. Qxe3 dxe5 14. 0-0-0 exf4 15. Nd6+ Kf8 16. Qxf4 exd6 17. Qxd6+ Qe7 18. Qxd7 Qxc5 19. Rhf1 Bh6+ 20. Kb1 Ra7 21. Ne5 Kg8 22. Qd8+ Bf8 23. Nd7 Qe7 24. Qc8 f5 25. Rfe1 Qf7 26. Nxf8 Rc7 27. Qd8 1-0

[Event "BEL-chT 1617"]
[Site "Belgium"]
[Date "2017.03.12"]
[Round "9.2"]
[White "Van den Doel, Erik"]
[Black "Pel, Bonno"]
[Result "1-0"]
[WhiteElo "2571"]
[BlackElo "2289"]
[PlyCount "97"]
[EventDate "2016.10.02"]
[EventType "team-tourn"]
[EventRounds "11"]
[EventCountry "BEL"]
[SourceTitle "EXT 2018"]
[Source "ChessBase"]
[SourceDate "2017.10.13"]
[SourceVersion "1"]
[SourceVersionDate "2017.10.13"]
[SourceQuality "1"]
[WhiteTeam "Wirtzfeld"]
[BlackTeam "The Belgian CC"]
[WhiteTeamCountry "BEL"]
[BlackTeamCountry "BEL"]

1. e4 d6 2. d4 g6 3. Nf3 Bg7 4. c3 Nc6 5. Bb5 Bd7 6. 0-0 Nf6 7. Qe2 0-0 8. e5 Nd5 9. Rd1 a6 10. Bc4 e6 11. Bd3 b5 12. b3 f6 13. exd6 cxd6 14. c4 Nc7 15. Ba3 b4 16. Bb2 d5 17. Nbd2 a5 18. Re1 Rf7 19. h4 Bh6 20. Nf1 Ne7 21. Bc1 Qf8 22. Be3 Nf5 23. Bd2 Bc6 24. c5 Re8 25. a3 Rb8 26. axb4 Bxd2 27. N1xd2 axb4 28. Ra7 Ng7 29. Rea1 Re8 30. Qe3 Rfe7 31. Qf4 Nh5 32. Qd6 Nb5 33. Bxb5 Bxb5 34. Rxe7 Qxe7 35. Qb6 Bd3 36. Ra7 Qf8 37. c6 Ng7 38. c7 Bf5 39. Rb7 e5 40. dxe5 fxe5 41. Qxb4 Bc8 42. Qxf8+ Kxf8 43. Rb5 e4 44. Ng5 h6 45. Nh7+ Kf7 46. Rxd5 Ne6 47. Nxe4 Rh8 48. Nhf6 Ke7 49. Re5 1-0

[Event "BEL-chT 1617"]
[Site "Belgium"]
[Date "2016.11.06"]
[Round "3.3"]
[White "Pel, Bonno"]
[Black "Lai, Hing Ting"]
[Result "0-1"]
[WhiteElo "2289"]
[BlackElo "2419"]
[PlyCount "158"]
[EventDate "2016.10.02"]
[EventType "team-tourn"]
[EventRounds "11"]
[EventCountry "BEL"]
[SourceTitle "CBM 175 Extra"]
[Source "ChessBase"]
[SourceDate "2016.12.12"]
[SourceVersion "1"]
[SourceVersionDate "2016.12.12"]
[SourceQuality "1"]
[WhiteTeam "The Belgian CC"]
[BlackTeam "Liege Crelel"]
[WhiteTeamCountry "BEL"]
[BlackTeamCountry "BEL"]

1. Nc3 d5 2. e4 dxe4 3. Nxe4 Bf5 4. Ng3 Bg6 5. Nf3 Nd7 6. Bc4 e6 7. d3 Ngf6 8. Qe2 Be7 9. Nh4 c6 10. a3 Qc7 11. Bd2 Nd5 12. Nxg6 hxg6 13. 0-0-0 b5 14. Ba2 Rb8 15. Qe1 Rh4 16. Ne4 b4 17. axb4 Nxb4 18. Bxb4 Bxb4 19. c3 Be7 20. g3 Rh5 21. Kc2 Qb6 22. Rb1 Ra5 23. Bc4 Ne5 24. Nd2 Ng4 25. d4 Nf6 26. b4 Rf5 27. Bd3 Rd5 28. Nc4 Qc7 29. Qe2 Kf8 30. f4 Rdd8 31. h4 Nd5 32. h5 gxh5 33. Rxh5 Bf6 34. Ne5 a5 35. Rh8+ Ke7 36. Rxd8 Kxd8 37. Qh5 Bxe5 38. fxe5 axb4 39. c4 b3+ 40. Rxb3 Rxb3 41. Kxb3 Qb6+ 42. Kc2 Nb4+ 43. Kc3 Na2+ 44. Kd2 Qxd4 45. Qh8+ Ke7 46. Qxg7 Qc3+ 47. Ke3 Nb4 48. Qf6+ Ke8 49. Qh8+ Kd7 50. Qh7 Qxe5+ 51. Kf3 Ke7 52. Be2 Qc3+ 53. Kg2 Nc2 54. Qh4+ Qf6 55. Qe4 Nd4 56. Bg4 Kd6 57. Bh5 Nf5 58. Qd3+ Ke7 59. Qa3+ Kd7 60. Qa7+ Ke8 61. Qb8+ Ke7 62. Qb4+ Nd6 63. Qc5 Qb2+ 64. Kh3 Qc3 65. Qa7+ Kf6 66. c5 Qe5 67. g4 Qe3+ 68. Kg2 Qe2+ 69. Kg1 Qe3+ 70. Kg2 Qd4 71. Kf1 Ke5 72. Qb6 Qd1+ 73. Kg2 Qe2+ 74. Kg1 Ne4 75. Qc7+ Kd4 76. Qxf7 Qe1+ 77. Kg2 Qg3+ 78. Kf1 Ke3 79. g5 Nd2# 0-1

[Event "BEL-chT 1617"]
[Site "Belgium"]
[Date "2016.10.02"]
[Round "1.3"]
[White "Pel, Bonno"]
[Black "Piceu, Tom"]
[Result "1-0"]
[WhiteElo "2289"]
[BlackElo "2363"]
[PlyCount "113"]
[EventDate "2016.10.02"]
[EventType "team-tourn"]
[EventRounds "11"]
[EventCountry "BEL"]
[SourceTitle "EXT 2017"]
[Source "ChessBase"]
[SourceDate "2016.10.25"]
[SourceVersion "1"]
[SourceVersionDate "2016.10.25"]
[SourceQuality "1"]
[WhiteTeam "The Belgian CC"]
[BlackTeam "KBSK Brugge"]
[WhiteTeamCountry "BEL"]
[BlackTeamCountry "BEL"]

1. g3 c5 2. Bg2 Nc6 3. d3 g6 4. f4 Bg7 5. Nf3 d6 6. 0-0 Nf6 7. e4 0-0 8. Nc3 Nd4 9. h3 Nd7 10. Nh2 e6 11. g4 f5 12. Ne2 Rb8 13. c3 Nxe2+ 14. Qxe2 Re8 15. Bd2 Nf8 16. Rae1 Bd7 17. Nf3 Bc6 18. Kh1 Qd7 19. Rg1 Rbd8 20. b3 e5 21. gxf5 gxf5 22. fxe5 dxe5 23. Bg5 Rc8 24. Nh4 Ne6 25. Qh5 Qf7 26. Qxf7+ Kxf7 27. Bf3 Nxg5 28. Rxg5 fxe4 29. Bh5+ Kf6 30. Rf5+ Ke6 31. Bf7+ Ke7 32. Bxe8 Rxe8 33. dxe4 Rd8 34. Rh5 Kf8 35. Nf5 Bf6 36. Rxh7 Rd3 37. h4 Rxc3 38. Nd6 Bg7 39. Rh5 Rc2 40. Rf5+ Kg8 41. Rg5 Kh7 42. Reg1 Bh6 43. Rxe5 Rh2+ 44. Kxh2 Bf4+ 45. Kh3 Bxe5 46. Nf7 Bd7+ 47. Kg2 Bd4 48. Re1 Kg6 49. Nd6 b6 50. e5 Be6 51. Kf3 Bd5+ 52. Kg4 Be6+ 53. Kf4 a6 54. Re2 b5 55. Rg2+ Kh7 56. Ne4 a5 57. Ng5+ 1-0

[Event "Aegean op 39th"]
[Site "Aghios Kirykos"]
[Date "2016.07.14"]
[Round "5"]
[White "Pel, Bonno"]
[Black "Dorfanis, Ilarion"]
[Result "1-0"]
[WhiteElo "2285"]
[BlackElo "2121"]
[PlyCount "75"]
[EventDate "2016.07.11"]
[EventType "swiss"]
[EventRounds "9"]
[EventCountry "GRE"]
[SourceTitle "CBM 173 Extra"]
[Source "ChessBase"]
[SourceDate "2016.08.29"]
[SourceVersion "1"]
[SourceVersionDate "2016.08.29"]
[SourceQuality "1"]

1. g3 d5 2. Bg2 e5 3. d3 Nf6 4. Nf3 Bd6 5. 0-0 0-0 6. Nc3 c6 7. e4 d4 8. Ne2 c5 9. h3 Nc6 10. Ne1 Bd7 11. f4 b5 12. Nf3 Qc7 13. Kh1 Rac8 14. Bd2 Qb6 15. f5 c4 16. g4 Qb8 17. Ng3 cxd3 18. cxd3 Nb4 19. g5 Ne8 20. g6 Nxd3 21. gxf7+ Rxf7 22. Ng5 Nf4 23. Nxf7 Kxf7 24. Bxf4 exf4 25. Ne2 Be5 26. Nxd4 Nf6 27. Qb3+ Ke7 28. Rad1 Rc4 29. Nf3 Nxe4 30. Rfe1 Bc6 31. Bf1 Nc5 32. Qa3 b4 33. Rxe5+ Qxe5 34. Qxa7+ Kf6 35. Qb6 Na4 36. Qd8+ Qe7 37. Rd6+ Kf7 38. Bxc4+ 1-0

[Event "BEL-chT 1516"]
[Site "Belgium"]
[Date "2015.11.22"]
[Round "4.4"]
[White "Pel, Bonno"]
[Black "Van der Stricht, Geert"]
[Result "1/2-1/2"]
[WhiteElo "2264"]
[BlackElo "2378"]
[PlyCount "119"]
[EventDate "2015.09.27"]
[EventType "team-tourn"]
[EventRounds "11"]
[EventCountry "BEL"]
[SourceTitle "EXT 2017"]
[Source "ChessBase"]
[SourceDate "2016.10.25"]
[SourceVersion "1"]
[SourceVersionDate "2016.10.25"]
[SourceQuality "1"]
[WhiteTeam "TBCC"]
[BlackTeam "KGSRL"]
[WhiteTeamCountry "BEL"]
[BlackTeamCountry "BEL"]

1. g3 d5 2. Bg2 c6 3. d3 e5 4. Nf3 Bd6 5. e4 Ne7 6. 0-0 0-0 7. Nc3 d4 8. Ne2 c5 9. Nh4 Nbc6 10. f4 Ng6 11. Nf5 exf4 12. Nxd6 Qxd6 13. gxf4 f5 14. e5 Qd8 15. c4 dxc3 16. bxc3 Be6 17. Be3 c4 18. Bc5 cxd3 19. Nd4 Bd5 20. Nxc6 bxc6 21. Bxf8 Bxg2 22. Kxg2 Qd5+ 23. Kg3 Kxf8 24. Qb3 Qd8 25. Qb4+ Kg8 26. Qc4+ Kh8 27. Kg2 Qd7 28. Rad1 Rd8 29. Rd2 c5 30. Qxc5 Qb7+ 31. Kg3 Qe4 32. Qf2 Nxe5 33. Re1 Ng4 34. Rxe4 Nxf2 35. Re8+ Rxe8 36. Kxf2 Re4 37. Kf3 h6 38. Rxd3 Ra4 39. Rd5 g6 40. Rd2 Kg7 41. h4 Kf6 42. Rd6+ Kf7 43. Rd7+ Ke6 44. Rg7 Kf6 45. Rc7 Rxa2 46. Rc6+ Kf7 47. Rc7+ Ke6 48. Rc6+ Kd5 49. Rxg6 Ra3 50. Rxh6 Rxc3+ 51. Kg2 Ra3 52. Rh8 Ke4 53. h5 Kxf4 54. h6 Rg3+ 55. Kf2 Rf3+ 56. Kg2 Rg3+ 57. Kf2 Rh3 58. Kg2 Rh5 59. Ra8 Rxh6 60. Rxa7 1/2-1/2